000 00832nas a2200265 4500
001 BR0702868
003 BR-BrBNA
005 20231205110828.0
007 ta
008 230509b bl.|||p| |||| 00| 00por d
040 _aBR-BrBNA
_bpor
_cBiblioteca Nacional de Agricultura
041 _a(Pt)
072 _aE13
100 1 _aReis, J.M.L. dos
245 1 _aA importância dos investimentos sociais no Brasil
650 _aINVESTIMENTO
650 _aSOCIOLOGIA
650 _aDISTRIBUIÇÃO DE RENDA
650 _aRENDA
650 _aDESENVOLVIMENTO SÓCIO-ECONÔMICO
773 0 _tRevista de Política Agrícola (Brazil)
_xISSN 1413-4969
_g(1993), v. 2(1) p. 18-19
_wBR0702868
856 4 _uRev_Pol_Agr_v2_n1-1993.pdf#page=19
_yRecurso eletrônico (PDF)
909 _a202311
_bLúcia
_c55
_dLúcia Elande
942 _2AGRIS
_n0
_cANA
999 _c189298
_d189298